000 00928nam a2200205 a 4500
008 060424s1992 ||||||||||||||||| || u
020 _a1557752311
050 _aIMF(02)
100 _aHuriguchi, Yusuke
245 1 4 _aThe United States economy : performance and issues
260 _aWashington, D.C. :
_bInternational Monetary Fund
_c1992
300 _avii, 599 p. : ill.
350 _a0.00
500 _aIncludes bibliographical references.
650 _aUNITED STATES - ECONOMIC CONDITIONS - 1981-
650 _aUNITED STATES - ECONOMIC POLICY - 1981-1993
710 _aINTERNATIONAL MONETARY FUND(IMF)
995 _aSPECIAL COLLECTIONS
_D0.00
_e024508
_FCBU-MAIN LIBRARY (Kitwe)
_H1
_I0.00
_jIMF(02)1992/ 40B
_M2
_UAVAILABLE
_WApr 8, 2008
_y024508
_ZInternational Publications
995 _aSPECIAL COLLECTIONS
_D0.00
_e024507
_FCBU-MAIN LIBRARY (Kitwe)
_H1
_I35.00
_jIMF(02)1992/ 40A
_M1
_UAVAILABLE
_y024507
_ZInternational Publications
999 _c78509
_d78509